| 000 | 00692nam a2200229 a 4500 | ||
|---|---|---|---|
| 001 | 83452 | ||
| 003 | BD-RjUL | ||
| 005 | 20241219102741.0 | ||
| 008 | 240324r19611948enk 000 1 eng d | ||
| 035 | _a(BD-RjUL)83452 | ||
| 040 |
_aDLC _cDLC _dDLC _dBD-RjUL _beng |
||
| 041 | _aeng | ||
| 082 | 0 | 0 |
_220 _a823 _bPAC 1961 |
| 100 | 1 |
_aPaton, Alan. _968781 |
|
| 245 | 1 | 0 |
_aCry, the beloved country : _ba story of comfort in desolation / _cAlan Paton. |
| 260 |
_aLondon : _bJonathan Cape, _c1948 [impression 1961]. |
||
| 300 |
_a256 p. ; _c19 cm. |
||
| 650 | 0 |
_aRace relations _xFiction. _942479 |
|
| 650 | 0 |
_aApartheid _xFiction. _968782 |
|
| 651 | 0 |
_aSouth Africa _xFiction. _968783 |
|
| 942 |
_2ddc _cBK |
||
| 999 |
_c83452 _d83452 |
||